000 00892nam a2200229 a 4500
001 BRCA_6071
005 20190320205324.0
008 120608s2000----mx-a---###---#000-0#spa-#
050 4 _aN910.M42
_b.R63 2000
100 1 _aRodríguez Guevara, Maggy
_915339
245 1 0 _aDifusión del juguete popular mexicano a través de una exposición temporal en el Museo Franz Mayer.
260 _aCiudad de México
_c2000
300 _a173 p.
_bil.
502 _aTesis Licenciatura (Licenciada en Diseño Industrial) Universidad Iberoamericana
610 2 4 _aMuseo Franz Mayer (Ciudad de México)
_vExposiciones temporales
_xProyectos
_915340
650 1 4 _aJuguete popular
_xDifusión
_zMéxico
_915341
700 1 _aLarrucea Garritz, Maitane
_eCoautor
_915342
700 1 _aRojas Morales, Eugenia
_easesor
_915343
700 1 _aRivero Borrell, Héctor
_easesor
_92938
902 _aTES
942 _2lcc
_cTES
999 _c5758
_d5758